Untersuchungen über die Umwandlung von 1,2-3H - Cortisol in hexahydrierte und tetrahydrierte Metaboliten in Abhängigkeit vom Körpergewicht /

Hlavní autor: Steiner, Reinhard
Korporativní autor: Universität München
Jazyk: Němčina
Vydáno: München : R. Steiner, 1971
Fyzický popis: 78 s.
Knihy
Uloženo v:
LEADER 00809nam a22002172a 4500
001 001233812
003 CZ BrMZK
005 20130314081614.0
007 ta
008 120724s1971 gw er 000 0 ger d
040 |a BOA001  |b cze 
100 1 |a Steiner, Reinhard  |4 dis 
245 1 0 |a Untersuchungen über die Umwandlung von 1,2-3H - Cortisol in hexahydrierte und tetrahydrierte Metaboliten in Abhängigkeit vom Körpergewicht /  |c Reinhard Steiner 
260 |a München :  |b R. Steiner,  |c 1971 
300 |a 78 s. 
502 |a Disertace--Universität München, Medizinische Fakultät, 1971 
710 2 |a Universität München  |7 kn20020322441 
910 |a BOA001  |b 2-0745.393 
990 |a BK 
991 |b 201207 
996 7 |b 2619557389  |c 2-0745.393  |l Sklad H1  |r Sklad / do 24 hodin  |n 0  |h HS 212  |w 001267729  |u 000010  |a 1  |e BOA001  |j MZK50  |s A